000 00433nam a2200121Ia 4500
008 171212s9999 xx 000 0 und d
020 _a9780874217735
245 _ceditor Decker, Mark T.;Austin, Michael
_aPeculiar Portrayals
_bMormons on the Page, Stage and Screen
260 _bUniversity Press of Colorado
_c2010
650 _aMormons in mass media
650 _aPerforming Arts
856 _uwww.jstor.org/stable/10.2307/j.ctt4cgr9g
999 _c353144
_d353144